LEADER 01255nam a2200301 a 4500 001 000000128829 003 CaOOAMICUS 005 20120511140619.0 008 120511s2011 it u000 u ita r 020 $z978-888-9241530* 040 $aPUL$bita 082 04$a268 100 1 $aZenezini, Renato.$0(OLS)http://pul/name/82450 245 13$aIl primo annuncio fondamento della teologia pratica :$bprospettive per la situazione italiana /$cRenato Zenezini. 260 $aBologna :$bPardes,$cİ2011. 300 $a251 p. ;$c24 cm 490 1 $aMappe ;$v15 504 $aInclude riferimenti bibliografici. 650 4$aCatechesi$zItalia.$0(OLS)http://pul/subject/25930 830 0$aMappe ;$v15.$0(OLS)http://pul/title/162793 850 $aPUL 852 $aPUL$W1$xDP2 Religione 3$y114$m268 ZENRE 1$j149169$qDDC 21$B147734$CPULBib$Z2$F147734 $H119058 $82 941 1 $a9 996 $6020$z978-888-9241530*$9(OLS)http://pul/number/149636 996 $6082$a268$9(OLS)http://pul/classification/662 996 $6245$aIl primo annuncio fondamento della teologia pratica :$bprospettive per la situazione italiana$9(OLS)http://pul/title/162792 996 $6260$aBologna :$bPardes$9(OLS)http://pul/publisher/79875 LEADER 01297nam a2200313 u 4500 001 000000056684 003 CaOOAMICUS 005 20070226120512.0 008 010418s1989 it u000 u ita u 020 $a8878021083 035 $a10885860 040 $aPUL(R)$bita 041 1 $aita$hfre 100 1 $aLyotard, Jean-François,$d1924-$0(OLS)http://pul/name/39732 240 10$aEnthousiasme.$lItaliano.$0(OLS)http://pul/title/75817 245 12$aL'entusiasmo :$bla critica kantiana della storia /$cJean-François Lyotard. 260 $aMilano :$bGuerini,$c1989. 300 $a91 p. ;$c23 cm 490 1 $aSaggi ;$v15 600 14$aKant, Immanuel,$d1724-1804$xFilosofia.$0(OLS)http://pul/subject/8874 650 4$aStoria$xFilosofia.$0(OLS)http://pul/subject/497 830 0$aSaggi (Guerini) ;$v15.$0(OLS)http://pul/title/19925 850 $aPUL 852 $aPUL$W1$xDP1 Altre Collocazioni$y17$mSenza collocazione$j12$nBK-PRI$b $qStampati$B74311$CPULBib$Z2$F74311 $H $81 941 1 $a8 960 $aFilosofia della storia$9497 996 $6020$a8878021083$9(OLS)http://pul/number/71520 996 $6245$aL'entusiasmo :$bla critica kantiana della storia$9(OLS)http://pul/title/75818 996 $6260$aMilano :$bGuerini$9(OLS)http://pul/publisher/52467